Harry Potter commençant par C - Statistiques

Statistiques générales
  • Ce quiz a été pris 4 623 fois
  • Le résultat moyen est 8 sur 10
Statistiques - réponses
Hint Réponse % Correct
Rat de la famille Weasley Croûtard
96%
Créature mi-homme mi-cheval Centaure
95%
Il choisit dans quelle maison vont les élèves Choixpeau
92%
Objet magique créé par James Potter et ses amis Carte du maraudeur
86%
Friandise chocolatée Chocogrenouille
79%
Personne née de parents sorcier mais sans pouvoirs Cracmol
79%
Chien de Hagrid Crockdur
79%
Quartier des sorciers à Londres Chemin de Traverse
67%
Pub de sorciers londoniens Chaudron Baveur
62%
Hibou de Ron Coquecigrue
57%
Aucun quiz correspondant
Distribution des résultats
% des personnes avec chaque résultat
Percentile par nombre de réponses
Votre historique - résultats
Vous n’avez pas pris ce quiz